Statistics for 50 Biggest Cities in Southern Africa on a Blank Map

Click here to take the quiz!

General Stats

  • This quiz has been taken 346 times
    (324 since last reset)
  • The average score is 16 of 50

Answers on the Map

Answers color-coded by a green-red scale on the quiz's map according to % correct below.
 

Answer Stats

CityPopulation% Correct
Cape Town3 430 992
99%
Johannesburg7 860 781
98%
Pretoria1 763 336
96%
Durban2 786 046
94%
Windhoek325 858
94%
Gaborone279 500
93%
Bloemfontein464 591
89%
Gqeberha876 436
88%
Maseru330 760
83%
East London295 644
70%
Kimberley225 155
48%
Pietermaritzburg475 238
45%
Francistown114 900
42%
Polokwane227 407
38%
Newcastle291 484
36%
George157 397
35%
Paarl197 735
31%
Rustenburg311 901
29%
Vereeniging377 922
28%
Stellenbosch80 316
26%
Welkom211 014
26%
Klerksdorp189 496
23%
Worcester97 075
21%
Ladysmith119 726
20%
Evaton605 504
17%
Soshanguve728 063
17%
Ermelo83 735
16%
Mthatha137 589
16%
Potchefstroom148 804
16%
Bethlehem76 015
15%
Middelburg163 809
15%
Mokopane75 516
15%
Queenstown98 988
15%
Witbank311 657
15%
Kroonstad97 780
13%
Sasolburg113 368
12%
Standerton84 383
11%
Uitenhage242 924
10%
Carletonville149 065
9%
Somerset West188 035
9%
Thohoyandou89 427
9%
Botshabelo181 712
8%
Heidelberg75 516
8%
King William's Town77 682
8%
Hammanskraal94 273
7%
Orkney91 854
7%
Stanger134 525
7%
Embalehle118 889
6%
Mdantsane171 522
6%
Tweefontein95 457
6%

Score Distribution

Percentile by Number Answered

Percent of People with Each Score

Your Score History

You have not taken this quiz since the last reset